header

The Horse and his boy / (Record no. 259923)

MARC details
000 -LEADER
fixed length control field 00615nam a22002177a 4500
003 - CONTROL NUMBER IDENTIFIER
control field OSt
005 - DATE AND TIME OF LATEST TRANSACTION
control field 20240229135934.0
008 - FIXED-LENGTH DATA ELEMENTS--GENERAL INFORMATION
fixed length control field 230412b xxu||||| |||| 00| 0 eng d
010 ## - LIBRARY OF CONGRESS CONTROL NUMBER
LC control number 93014300
020 ## - INTERNATIONAL STANDARD BOOK NUMBER
International Standard Book Number 006440501X (pbk)
International Standard Book Number 006023489X (lib. bdg.)
International Standard Book Number 0060234881 :
040 ## - CATALOGING SOURCE
Transcribing agency N/A
050 ## - LIBRARY OF CONGRESS CALL NUMBER
Classification number PZ7
Item number .L58474 1994
100 ## - MAIN ENTRY--PERSONAL NAME
Personal name C.S. Lewis
245 ## - TITLE STATEMENT
Title The Horse and his boy /
Statement of responsibility, etc C.S. Lewis ; illustrated by Pauline Baynes.
250 ## - EDITION STATEMENT
Edition statement 1st HarperCollins ed.
260 ## - PUBLICATION, DISTRIBUTION, ETC. (IMPRINT)
Place of publication, distribution, etc New York :
Name of publisher, distributor, etc HarperCollins,
Date of publication, distribution, etc 1994.
300 ## - PHYSICAL DESCRIPTION
Extent 224 p. :
Other physical details ill. map ;
Dimensions 24 cm.
942 ## - ADDED ENTRY ELEMENTS (KOHA)
Source of classification or shelving scheme Library of Congress Classification
Koha item type Long Loan Books
Holdings
Withdrawn status Lost status Source of classification or shelving scheme Damaged status Not for loan Collection code Home library Current library Shelving location Date acquired Total Checkouts Full call number Barcode Date last seen Date checked out Price effective from Koha item type
    Library of Congress Classification     Fiction Rongo University Library Rongo University Library General Stacks 12/04/2023 1 RZ7 L48 1954 201535605 03/10/2025 15/09/2025 12/04/2023 Long Loan Books

© 2026 Rongo University
Contact us: librarian | system librarian | Rongo university